Operating systems : design and implementation (Record no. 4323)
[ view plain ]
| 000 -LEADER | |
|---|---|
| fixed length control field | 00602 a2200181 4500 |
| 020 ## - INTERNATIONAL STANDARD BOOK NUMBER | |
| International Standard Book Number | 8120312414 |
| 040 ## - CATALOGING SOURCE | |
| Original cataloging agency | DLC |
| Language of cataloging | DLC |
| 082 00 - DEWEY DECIMAL CLASSIFICATION NUMBER | |
| Classification number | 005.432 TAN |
| 100 1# - MAIN ENTRY--PERSONAL NAME | |
| Personal name | Tanenbaum, Andrew S., |
| 110 ## - MAIN ENTRY--CORPORATE NAME | |
| Corporate name or jurisdiction name as entry element | Albert S,Woodhull |
| 245 10 - TITLE STATEMENT | |
| Title | Operating systems : design and implementation |
| Statement of responsibility, etc. | Andrew S. Tanenbaum, Alfred Woodhull. |
| 250 ## - EDITION STATEMENT | |
| Edition statement | 2nd ed. |
| 260 ## - PUBLICATION, DISTRIBUTION, ETC. | |
| Place of publication, distribution, etc. | Upper Saddle River, NJ : |
| Name of publisher, distributor, etc. | Prentice Hall, |
| Date of publication, distribution, etc. | 1997. |
| 300 ## - PHYSICAL DESCRIPTION | |
| Extent | xvii, 939 p. : |
| Other physical details | ill. ; |
| Dimensions | 24 cm. + |
| Accompanying material | 1 computer laser optical disc (4 3/4 in.) |
| 650 #0 - SUBJECT ADDED ENTRY--TOPICAL TERM | |
| Topical term or geographic name entry element | Operating systems (Computers) |
| 700 1# - ADDED ENTRY--PERSONAL NAME | |
| Personal name | Woodhull, Alfred. |
| 942 ## - ADDED ENTRY ELEMENTS (KOHA) | |
| Koha item type | Book |
| Call number prefix | 005.432 TAN |
| Source of classification or shelving scheme | |
| Withdrawn status | Lost status | Damaged status | Not for loan | Collection code | Permanent Location | Current Location | Shelving location | Date acquired | Total Checkouts | Full call number | Barcode | Date last seen | Price effective from | Koha item type | Source of acquisition | Cost, normal purchase price |
|---|---|---|---|---|---|---|---|---|---|---|---|---|---|---|---|---|
| Central Library (CL) | Central Library (CL) | First Floor - Operating System/ Data Structure | 06/09/2001 | 005.432 TAN | SEECS000900 | 05/31/2025 | 01/05/2017 | Book | ||||||||
| Central Library (CL) | Central Library (CL) | First Floor - Operating System/ Data Structure | 01/08/2004 | 005.432 TAN | SEECS004103 | 11/14/2012 | 01/05/2017 | Book | Saeed Book Bank | 540.00 | ||||||
| Central Library (CL) | Central Library (CL) | First Floor - Operating System/ Data Structure | 02/06/2004 | 005.432 TAN | SEECS004207 | 11/14/2012 | 01/05/2017 | Book | Allied Book Company | 551.02 | ||||||
| Central Library (CL) | Central Library (CL) | First Floor - Operating System/ Data Structure | 09/26/2006 | 005.432 TAN | SEECSD00015 | 11/14/2012 | 01/05/2017 | Book | Donation | |||||||
| Central Library (CL) | Central Library (CL) | First Floor - Operating System/ Data Structure | 03/13/2002 | 005.432 TAN | SEECS001931 | 11/14/2012 | 01/05/2017 | Book | Vanguard Books | 1164.50 | ||||||
| Central Library (CL) | Central Library (CL) | First Floor - Operating System/ Data Structure | 03/13/2002 | 005.432 TAN | SEECS001930 | 11/14/2012 | 01/05/2017 | Book | Vanguard Books | 1164.50 |
